| 000 | 00717cam a2200205 4500 | ||
|---|---|---|---|
| 001 | WB3613-34 | ||
| 008 | 000000n2000 000 0 eng u | ||
| 035 | _a(Sirsi) u105055 | ||
| 245 | _aCountryside Stewardship Scheme | ||
| 260 | _c2000 | ||
| 490 |
_aRICS Press Release _v(pr029) 24 March 2000 (2) |
||
| 520 | _aThe RICS and English Nature are urging farmers to apply for £16m of unallocated funds under the Countryside Stewardship Scheme which targets the conservation of some key English landscapes and habitats. | ||
| 590 | _aWB | ||
| 650 | _aWILDLIFE CONSERVATION | ||
| 650 | _aRURAL AREAS | ||
| 650 | _aFARMERS | ||
| 650 | _aCOUNTRYSIDE STEWARDSHIP SCHEME | ||
| 690 | _aRURAL PRACTICE | ||
| 942 | _n0 | ||
| 999 |
_c63002 _d63002 |
||